Direitos das obrigações : (Record no. 868)

MARC details
000 -LÍDER
Campo Fixo de Controle 00756nam a2200253 a 4500
001 - NÚMERO DE CONTROLE
Campo de Controle 868
003 - IDENTIFICAÇÃO DO NÚMERO DE CONTROLE
Campo de Controle BR-CuiBMT
005 - DATA E HORA DA ÚLTIMA ATUALIZAÇÃO
Campo de Controle 20231128003919.0
008 - DADOS FIXOS
Dados Fixos 231121s2014 spba 00| 0 por d
020 ## - INTERNATIONAL STANDARD BOOK NUMBER
Nº do ISBN 9788502214255
040 ## - AGÊNCIA CATALOGADORA
Código da Agência Catalogadora BR-CuiBMT
Agência que transcreveu o registro BR-CuiBMT
080 ## - Nº DA CLASSIFICAÇÃO DECIMAL UNIVERSAL
Nº edição CDU 2007
Nº Class. CDU 347.4
090 ## - NÚMERO DE CHAMADA
Nº classificação 347.4
Cutter G635d
Ano/Edição 15. ed.
100 1# - ENTRADA PRINCIPAL -- AUTOR PESSOAL
Nome pessoal Gonçalves, Carlos Roberto,
Datas associadas ao nome 1938-
245 10 - TÍTULO PRINCIPAL
Título principal Direitos das obrigações :
Subtítulo parte geral /
Indicação de responsabilidade Carlos Roberto Gonçalves.
250 ## - EDIÇÃO
Edição 15. ed.
260 ## - PUBLICAÇÃO, DISTRIBUIÇÃO, ETC.
Local de publicação São Paulo :
Editora Saraiva,
Data 2014.
300 ## - DESCRIÇÃO FÍSICA
N. páginas ou volumes 156 p. :
Ilustrações il. color. ;
Dimensões 21 cm
490 1# - INDICAÇÃO DE SÉRIE
Título da série Coleção sinopses jurídicas ;
Volume/designação sequencial da série v. 5
650 ## - ASSUNTO TÓPICO
Cabeçalho tópico ou nome geográfico Direito civil
Subdivisão geográfica Brasil
650 ## - ASSUNTO TÓPICO
Cabeçalho tópico ou nome geográfico Direito das obrigações
830 #0 - ENTRADA SECUNDÁRIA DE SÉRIE -- TÍTULO UNIFORME
Título uniforme Sinopses jurídicas ;
Nº do volume/designação sequencial da série 5
942 ## - ELEMENTOS DE ENTRADA ADICIONAIS (KOHA)
Fonte de classificação ou esquema de arquivamento Classificação Decimal Universal
Tipo de item do Koha Livros
Holdings
Estado: removido Estado: perdido Fonte de classificação ou esquema de arquivamento Estado: danificado Indisponível para empréstimo Localização permanente Localização atual Data de aquisição Total Checkouts Número de Chamada completo Código de barras Date last seen Número do exemplar Preço efetivo a partir de Tipo de item (Koha)
    Classificação Decimal Universal     Biblioteca da Escola Superior de Contas do TCE/MT Biblioteca da Escola Superior de Contas do TCE/MT 21/11/2023   347.4 G635d 15. ed. BIBTCEMT23110812 21/11/2023 Ex. 1 21/11/2023 Livros

Powered by Koha